000 01221 a2200349 4500
003 OSt
005 20180116192332.0
008 120209t xxu||||| |||| 00| 0 eng d
010 _a 2004022040
020 _a1401867154
020 _a9781401867157
040 _c0
082 0 0 _a720.284
100 1 _aJefferis, Alan.
245 1 0 _aArchitectural drafting & design /
_cAlan Jefferis, David A. Madsen.
246 3 _aArchitectural drafting and design
250 _a5th ed.
260 _aNew Albany :
_bThomson Delmar Learning,
_cc2005.
300 _axix, 986 p. :
_bill. (some col.) ;
_c29 cm. +
_e1 CD-ROM (4 3/4 in.)
440 0 _aDrafting and design series
500 _aIncludes index.(p971-p986)
650 0 _aArchitectural drawing.
650 0 _aArchitectural design.
650 0 _aArchitectural drawing
_xStudy and teaching (Secondary)
650 0 _aArchitectural drawing
_xVocational guidance
650 0 _aArchitecture
650 0 _aArchitecture
_xVocational guidance
700 1 _aMadsen, David A.
856 4 1 _3Table of contents
_uhttp://www.loc.gov/catdir/toc/ecip051/2004022040.html
942 _aSADA
_cBK
_k720.284 JEF 2005
_2ddc
999 _c352332
_d352332